[Event "CAMPEONATO CONTINENTAL ABSOLUT"]
[Site "Hotel Torre de Cali, Cali, Co"]
[Date "2007.07.16"]
[Round "7.31"]
[White "Narvaez, Faber Alberto"]
[Black "Ossa, Orlando"]
[Result "0-1"]
[WhiteElo "2140"]
[BlackElo "2272"]
[PlyCount "130"]
[EventDate "2007.07.10"]

1. e4 e5 2. Nf3 Nc6 3. d4 exd4 4. Nxd4 Qh4 5. Be3 Qxe4 6. Nc3 Bb4 7. Ndb5 Qe5
8. Qd2 a6 9. f4 Bxc3 10. bxc3 Qxb5 11. Bxb5 axb5 12. Bd4 f6 13. Kf2 Nge7 14.
Rhe1 d6 15. h3 Kf7 16. g4 Be6 17. a3 h5 18. g5 Bxh3 19. Qd3 Bf5 20. Qxb5 b6 21.
gxf6 gxf6 22. Rxe7+ Nxe7 23. Qc4+ Be6 24. Qxc7 Rad8 25. Re1 Rd7 26. Qxb6 h4 27.
c4 Rh5 28. Qb3 h3 29. Qf3 Rh4 30. a4 h2 31. a5 Bxc4 32. Bb2 Bd5 33. Qc3 Rxf4+
34. Kg3 Rf3+ 35. Qxf3 Bxf3 36. Kxf3 Ra7 37. Ra1 Rxa5 38. Kg2 Rh5 39. Rh1 Nf5
40. Bc1 Nd4 41. c3 Ne2 42. Bd2 Rc5 43. Rxh2 Nxc3 44. Kf3 Nd5 45. Ke4 Ke6 46.
Rh8 f5+ 47. Kd4 Nf6 48. Rh6 Rd5+ 49. Ke3 f4+ 50. Ke2 f3+ 51. Kxf3 Rxd2 52. Rh8
Rd4 53. Ke3 Ra4 54. Rb8 Ke5 55. Rb5+ d5 56. Rb7 Ra3+ 57. Ke2 Ke4 58. Re7+ Kd4
59. Rb7 Ra2+ 60. Kd1 Ne4 61. Rb4+ Kd3 62. Rb3+ Nc3+ 63. Ke1 d4 64. Rb8 Ra1+ 65.
Kf2 Kc2 0-1

[Event "CAMPEONATO CONTINENTAL ABSOLUT"]
[Site "Hotel Torre de Cali, Cali, Co"]
[Date "2007.07.16"]
[Round "7.32"]
[White "Cabrera Huaman, Andres"]
[Black "Buitrago, Juan Carlos"]
[Result "1-0"]
[WhiteElo "2268"]
[BlackElo "2160"]
[PlyCount "87"]
[EventDate "2007.07.10"]

1. d4 Nf6 2. c4 g6 3. Nc3 Bg7 4. e4 d6 5. Nf3 O-O 6. Be2 e5 7. O-O Nc6 8. d5
Ne7 9. b4 a5 10. Ba3 axb4 11. Bxb4 Nd7 12. Nd2 f5 13. Nb3 Nf6 14. f3 f4 15. c5
g5 16. Nb5 Ne8 17. Rc1 Ng6 18. Qc2 Rf7 19. a3 Bf8 20. Nd2 h5 21. Qd1 Rg7 22.
cxd6 cxd6 23. Nc4 g4 24. fxg4 Nh4 25. Rc2 hxg4 26. g3 f3 27. Bd3 Ng2 28. Rxg2
fxg2 29. Kxg2 Rf7 30. Rxf7 Kxf7 31. Be2 Bd7 32. Nbxd6+ Bxd6 33. Bxd6 Nxd6 34.
Nxd6+ Ke7 35. Nc4 Bb5 36. d6+ Ke8 37. Qd5 Bxc4 38. Qxe5+ Kf7 39. Bxc4+ Kg6 40.
Qf5+ Kh6 41. e5 Qg5 42. Qxg5+ Kxg5 43. e6 Kf6 44. e7 1-0

[Event "CAMPEONATO CONTINENTAL ABSOLUT"]
[Site "Hotel Torre de Cali, Cali, Co"]
[Date "2007.07.16"]
[Round "7.33"]
[White "Mateus, Martha"]
[Black "Minaya, Juan"]
[Result "1/2-1/2"]
[WhiteElo "2127"]
[BlackElo "2254"]
[PlyCount "80"]
[EventDate "2007.07.10"]

1. e4 e6 2. Nf3 c5 3. d4 cxd4 4. Nxd4 Nf6 5. Nc3 d6 6. Bd3 Be7 7. O-O a6 8. Qe2
O-O 9. Kh1 Bd7 10. f4 Nc6 11. Nf3 b5 12. e5 Ne8 13. exd6 Nxd6 14. Ne5 Be8 15.
Be3 Nb4 16. Ne4 Nxd3 17. Qxd3 f6 18. Nxd6 Qxd6 19. Qxd6 Bxd6 20. Rad1 Bc7 21.
Nf3 Bc6 22. Nd4 Bd5 23. f5 Rfe8 24. Nxe6 Bxe6 25. fxe6 Rxe6 26. Rfe1 Rae8 27.
Bf2 Rxe1+ 28. Rxe1 Rxe1+ 29. Bxe1 Kf7 30. Kg1 Ke6 31. a3 Kd5 32. Kf2 Ke4 33.
Ke2 Be5 34. b3 f5 35. Bd2 h6 36. Be1 g5 37. Bd2 f4 38. Be1 h5 39. a4 bxa4 40.
bxa4 g4 1/2-1/2

[Event "CAMPEONATO CONTINENTAL ABSOLUT"]
[Site "Hotel Torre de Cali, Cali, Co"]
[Date "2007.07.16"]
[Round "7.34"]
[White "Markzon, Gregory"]
[Black "Arenas, David"]
[Result "0-1"]
[WhiteElo "2237"]
[BlackElo "2081"]
[PlyCount "94"]
[EventDate "2007.07.10"]

1. d4 Nf6 2. c4 g6 3. Nc3 Bg7 4. e4 d6 5. Nf3 O-O 6. Be2 e5 7. O-O Nc6 8. d5
Ne7 9. Nd2 Nd7 10. b4 f5 11. f3 f4 12. Bb2 g5 13. c5 Ng6 14. Nc4 Nf6 15. b5 b6
16. cxb6 cxb6 17. Ba3 Ne8 18. Bb4 h5 19. a4 Rf7 20. a5 Rb8 21. axb6 axb6 22.
Na4 Nf8 23. Ra3 Bf6 24. Rc3 Rfb7 25. Qc2 Be7 26. Bd3 Nd7 27. Rc1 Ra7 28. Bf1
Bf8 29. Be2 Rba8 30. Nab2 Nc5 31. Bxc5 bxc5 32. b6 Rg7 33. h3 Nf6 34. Nd3 g4
35. fxg4 hxg4 36. b7 Rxb7 37. Nxc5 dxc5 38. Nxe5 gxh3 39. Nc6 Qe8 40. Bf3 Rg7
41. e5 Ng4 42. e6 Ne3 43. Rxe3 fxe3 44. Qf5 Bd6 45. Bh5 Rxg2+ 46. Kh1 Raa2 47.
Bf7+ Kg7 0-1

[Event "CAMPEONATO CONTINENTAL ABSOLUT"]
[Site "Hotel Torre de Cali, Cali, Co"]
[Date "2007.07.16"]
[Round "7.35"]
[White "Sanchez Castillo, Sarai"]
[Black "Juarez Flores, Roberto"]
[Result "1-0"]
[WhiteElo "2340"]
[BlackElo "2177"]
[PlyCount "132"]
[EventDate "2007.07.10"]

1. e4 c5 2. Nf3 g6 3. d4 cxd4 4. Nxd4 Bg7 5. Nc3 Nc6 6. Be3 Nf6 7. Bc4 Ng4 8.
Nxc6 Nxe3 9. Qf3 Bxc3+ 10. bxc3 dxc6 11. Qxf7+ Kd7 12. fxe3 Qf8 13. O-O Qxf7
14. Rxf7 b5 15. Bb3 a5 16. a4 Ke8 17. Raf1 Ba6 18. R1f4 bxa4 19. Bxa4 Bb5 20.
Bb3 a4 21. Ba2 a3 22. e5 c5 23. e6 Rd8 24. h3 Rd1+ 25. Kh2 Ra1 26. Bc4 Bc6 27.
Bb3 Kd8 28. Kg3 Re1 29. Kf2 Ra1 30. Ke2 Bb5+ 31. c4 Bc6 32. g4 Rh1 33. Rf1 Rxf1
34. Kxf1 Bb7 35. Ke2 Be4 36. h4 g5 37. h5 h6 38. Kd2 Rh7 39. c3 Rh8 40. Bc2 Bg2
41. Kc1 Bh3 42. Bd1 a2 43. Kb2 Kc7 44. Rxe7+ Kd6 45. Ra7 Kxe6 46. Kxa2 Bg2 47.
Kb2 Rb8+ 48. Kc1 Rb6 49. Rh7 Ke5 50. Bc2 Bf1 51. Bg6 Be2 52. Rxh6 Bxg4 53. Rh8
Be2 54. Rc8 g4 55. Rxc5+ Kf6 56. Bc2 Kg7 57. Bd1 Bxd1 58. Kxd1 Kh6 59. Ke2 Rb2+
60. Kf1 Rc2 61. e4 Rxc3 62. Kf2 Rf3+ 63. Kg2 Re3 64. Re5 Rf3 65. Rf5 Rc3 66. e5
Re3 1-0

[Event "CAMPEONATO CONTINENTAL ABSOLUT"]
[Site "Hotel Torre de Cali, Cali, Co"]
[Date "2007.07.16"]
[Round "7.36"]
[White "La Rota, Fabio"]
[Black "Palao, Maricela"]
[Result "0-1"]
[WhiteElo "2286"]
[BlackElo "2139"]
[PlyCount "90"]
[EventDate "2007.07.10"]

1. e4 c5 2. Nc3 Nc6 3. g3 g6 4. Bg2 Bg7 5. d3 d6 6. f4 Nd4 7. Nce2 e5 8. c3 Nc6
9. Nf3 Nge7 10. O-O O-O 11. Be3 b6 12. d4 Ba6 13. Rf2 exd4 14. cxd4 d5 15. e5
Nf5 16. Qd2 Nb4 17. Ne1 Rc8 18. Bh3 Qe7 19. g4 Nxe3 20. Qxe3 f6 21. g5 Rfe8 22.
gxf6 Bxf6 23. a3 Nc6 24. Bg2 Rcd8 25. dxc5 bxc5 26. Qb3 Bh4 27. Bxd5+ Kh8 28.
Rg2 c4 29. Bxc4 Qc5+ 30. Kh1 Bxc4 31. Qc3 Qd5 32. Nf3 Be7 33. Nfg1 Qd3 34. Rc1
Qxc3 35. Rxc3 Bd5 36. Nf3 Be4 37. Kg1 Rd1+ 38. Kf2 Bxf3 39. Rxf3 Bh4+ 40. Ke3
Red8 41. Ke4 Ne7 42. Rb3 Nf5 43. Ng3 Re1+ 44. Kf3 Nd4+ 45. Kg4 Nxb3 0-1

[Event "CAMPEONATO CONTINENTAL ABSOLUT"]
[Site "Hotel Torre de Cali, Cali, Co"]
[Date "2007.07.16"]
[Round "7.37"]
[White "Ruiz, Pablo"]
[Black "Franco, Beatriz"]
[Result "1/2-1/2"]
[WhiteElo "2247"]
[BlackElo "2130"]
[PlyCount "124"]
[EventDate "2007.07.10"]

1. e4 e5 2. Nf3 Nc6 3. d4 exd4 4. Nxd4 Bc5 5. Be3 Bb6 6. Nc3 d6 7. Qd2 Nf6 8.
f3 Be6 9. Nxe6 fxe6 10. Bc4 Qe7 11. Bxb6 axb6 12. O-O-O O-O-O 13. Rhe1 Qf7 14.
a3 Rhe8 15. f4 Qh5 16. Re3 Qc5 17. Ba2 b5 18. b4 Qb6 19. Rg3 g6 20. Rg5 e5 21.
f5 Ne7 22. fxg6 hxg6 23. Bf7 Rf8 24. Bxg6 d5 25. Qe2 dxe4 26. Rxd8+ Rxd8 27.
Bxe4 Qd4 28. Kb2 Ned5 29. Bxd5 Nxd5 30. Qg4+ Qxg4 31. Rxg4 Ne3 32. Re4 Nc4+ 33.
Ka2 c6 34. Re2 Kd7 35. Kb3 Ke6 36. a4 Nd2+ 37. Kb2 Nc4+ 38. Kb3 Nd2+ 39. Ka2
bxa4 40. Nxa4 Kf5 41. Nc5 b6 42. Rf2+ Kg4 43. h3+ Kh4 44. Nd3 Nc4 45. Re2 Kg3
46. Kb3 b5 47. Kc3 Rd5 48. Nc5 Rd8 49. Ne4+ Kf4 50. Nd2 Nd6 51. Nb3 Nc4 52. Na5
Nb6 53. Kb2 Rd6 54. g3+ Kxg3 55. Rxe5 Kxh3 56. Kb3 Na4 57. Rg5 Re6 58. Rg8 Re3+
59. Ka2 Re2 60. Kb1 Re1+ 61. Ka2 Re2 62. Kb3 Re3+ 1/2-1/2

[Event "CAMPEONATO CONTINENTAL ABSOLUT"]
[Site "Hotel Torre de Cali, Cali, Co"]
[Date "2007.07.16"]
[Round "7.38"]
[White "Sanchez, Victor"]
[Black "Perez, Olarte Cesar Camilo"]
[Result "1/2-1/2"]
[WhiteElo "2232"]
[BlackElo "2056"]
[PlyCount "117"]
[EventDate "2007.07.10"]

1. e4 c5 2. Nf3 d6 3. d4 cxd4 4. Nxd4 Nf6 5. Nc3 a6 6. Be3 e5 7. Nde2 Be7 8. f4
Bd7 9. Qd2 Bc6 10. Ng3 Ng4 11. Bc4 Nxe3 12. Qxe3 O-O 13. Nf5 Bf6 14. fxe5 Bxe5
15. O-O-O b5 16. Bd5 Qf6 17. Rhf1 b4 18. Bxc6 Nxc6 19. Nd5 Bxb2+ 20. Kb1 Qe5
21. Nb6 Ba1 22. Nc4 Qc3 23. Qxc3 Bxc3 24. Rxd6 Ne5 25. Nb6 Rab8 26. Rfd1 Rfe8
27. Nd5 Nc4 28. Rxa6 Nd2+ 29. Kc1 Nxe4 30. Nfe7+ Kf8 31. Nc6 Rb7 32. Rb6 Rxb6
33. Nxb6 Nf2 34. Rf1 Ng4 35. Nd5 Ne3 36. Nxe3 Rxe3 37. Rd1 g6 38. Nd4 Re1 39.
Nb5 Be5 40. h3 Re2 41. g4 Rh2 42. Rd3 Rh1+ 43. Kd2 Bf4+ 44. Ke2 Rc1 45. Kf3 Be5
46. Ke4 Bf6 47. Rf3 Kg7 48. Nd6 Re1+ 49. Kd5 Re2 50. Kc4 Rxc2+ 51. Kxb4 Re2 52.
Kc4 Be7 53. Kd3 Re6 54. Nc4 Bc5 55. h4 Ra6 56. g5 Bb4 57. Rf2 h6 58. Rxf7+ Kxf7
59. h5 1/2-1/2

[Event "CAMPEONATO CONTINENTAL ABSOLUT"]
[Site "Hotel Torre de Cali, Cali, Co"]
[Date "2007.07.16"]
[Round "7.39"]
[White "Panesso, Henry"]
[Black "Juarez Flores, Gustavo E"]
[Result "1-0"]
[WhiteElo "2143"]
[BlackElo "2204"]
[PlyCount "65"]
[EventDate "2007.07.10"]

1. e4 d6 2. d4 Nf6 3. Nc3 g6 4. g3 Bg7 5. Bg2 c6 6. a4 O-O 7. Nge2 Nbd7 8. O-O
e5 9. h3 Re8 10. Be3 h6 11. Qd2 Kh7 12. f4 Qe7 13. fxe5 dxe5 14. d5 Nb6 15. b3
Bd7 16. a5 Nc8 17. g4 Rd8 18. Na4 Be8 19. c4 Nd6 20. Ng3 Rdc8 21. Qf2 cxd5 22.
exd5 e4 23. Bd4 e3 24. Qb2 e2 25. Nxe2 Bxa4 26. Rxa4 Nfe8 27. Ng3 Bxd4+ 28.
Qxd4 f6 29. Ra2 Qc7 30. Re2 Nxc4 31. bxc4 Qxg3 32. Re7+ Kg8 33. Rxf6 1-0

[Event "CAMPEONATO CONTINENTAL ABSOLUT"]
[Site "Hotel Torre de Cali, Cali, Co"]
[Date "2007.07.16"]
[Round "7.41"]
[White "Rosales, Daniel"]
[Black "Nina, Miguel Angel"]
[Result "0-1"]
[WhiteElo "1989"]
[BlackElo "2312"]
[PlyCount "60"]
[EventDate "2007.07.10"]

1. d4 Nf6 2. c4 e5 3. dxe5 Ng4 4. Nf3 Bc5 5. e3 Nc6 6. Be2 Ngxe5 7. Nbd2 O-O 8.
O-O Re8 9. a3 a5 10. b3 Qf6 11. Rb1 Qe7 12. Nxe5 Nxe5 13. Ra1 Ra6 14. Bb2 Rh6
15. Bxe5 Qxe5 16. Nf3 Qe7 17. Qc1 b6 18. Qb2 Bb7 19. h3 Bd6 20. Ra2 Rg6 21. Kh1
Be5 22. Qd2 d6 23. b4 a4 24. Rc2 c5 25. b5 Qe6 26. Qd1 Rh6 27. Ng5 Rxh3+ 28.
Kg1 Rh2 29. Bf3 Qh6 30. g3 Rh1+ 0-1

[Event "CAMPEONATO CONTINENTAL ABSOLUT"]
[Site "Hotel Torre de Cali, Cali, Co"]
[Date "2007.07.16"]
[Round "7.42"]
[White "Becerra, Juan David"]
[Black "Valderrama, E Gilberto"]
[Result "1-0"]
[WhiteElo "2104"]
[BlackElo "2308"]
[PlyCount "83"]
[EventDate "2007.07.10"]

1. e4 e5 2. Nf3 f5 3. Nxe5 Nc6 4. Nxc6 dxc6 5. Bd3 Nf6 6. O-O fxe4 7. Bxe4 Bd6
8. Bf3 O-O 9. d4 Nd5 10. c4 Nf4 11. c5 Be7 12. Re1 Ng6 13. Nc3 Bf6 14. Be3 Nh4
15. Bg4 Nf5 16. Bxf5 Bxf5 17. Qb3+ Kh8 18. Qxb7 Rb8 19. Qxc6 Rxb2 20. Qd5 Qc8
21. Re2 c6 22. Qd6 Rb4 23. Rae1 Bd3 24. Rd2 Bg6 25. Ne2 Rd8 26. Qg3 Qb7 27. h4
Re8 28. Nf4 Bf7 29. Kh2 Rb1 30. Rxb1 Qxb1 31. h5 Bxa2 32. h6 g6 33. Nh5 gxh5
34. Bg5 Qg6 35. Bxf6+ Qxf6 36. Rxa2 Qxh6 37. Rxa7 Qf6 38. Rd7 h4 39. Qc7 Qf5
40. Rf7 Qg6 41. Qf4 Re4 42. Qb8+ 1-0

[Event "CAMPEONATO CONTINENTAL ABSOLUT"]
[Site "Hotel Torre de Cali, Cali, Co"]
[Date "2007.07.16"]
[Round "7.43"]
[White "Martinez, Julian"]
[Black "Montaño, Henry"]
[Result "1-0"]
[WhiteElo "2251"]
[BlackElo "2108"]
[PlyCount "137"]
[EventDate "2007.07.10"]

1. e4 c5 2. Nf3 Nc6 3. d4 cxd4 4. Nxd4 Qc7 5. Nxc6 bxc6 6. Bd3 g6 7. O-O Bg7 8.
Nc3 Rb8 9. Re1 Nf6 10. Rb1 O-O 11. Bg5 d6 12. Qd2 Re8 13. Bh6 Bh8 14. Bc4 Ng4
15. Bf4 e5 16. Bg5 Be6 17. Qd3 Qb6 18. Re2 Qd4 19. Bxe6 fxe6 20. Qf3 Nf6 21.
Bxf6 Rf8 22. Rd1 Rxf6 23. Rxd4 Rxf3 24. Rc4 Rff8 25. Rxc6 Rxb2 26. Rd2 Bf6 27.
f3 Bg5 28. Nd1 Rxa2 29. Rdxd6 a5 30. Rd7 Rf7 31. Rxf7 Kxf7 32. Rc7+ Ke8 33. Kf2
Be7 34. Ke2 Kd8 35. Rc4 Bb4 36. Kd3 Ra1 37. Ne3 h5 38. c3 Be7 39. Rc6 Kd7 40.
Ra6 a4 41. Nc4 a3 42. Nxe5+ Kc7 43. Nxg6 Kb7 44. Ra4 Bc5 45. Nf4 h4 46. Nxe6
Bd6 47. g3 Bxg3 48. h3 Bd6 49. Kc4 Rh1 50. f4 Rxh3 51. e5 Be7 52. f5 Rg3 53. f6
Rg4+ 54. Nd4 Bf8 55. e6 h3 56. e7 Bxe7 57. fxe7 Re4 58. Rxa3 h2 59. Ra1 Rxe7
60. Rh1 Rh7 61. Kd5 Rh5+ 62. Ke4 Rh4+ 63. Ke3 Kb6 64. Nf3 Rc4 65. Kd3 Rg4 66.
Nxh2 Kc5 67. Re1 Kd5 68. Rd1 Kc5 69. Re1 1-0

[Event "CAMPEONATO CONTINENTAL ABSOLUT"]
[Site "Hotel Torre de Cali, Cali, Co"]
[Date "2007.07.16"]
[Round "7.44"]
[White "Montenegro, Rolando"]
[Black "Santiago Lastra, Nefi"]
[Result "0-1"]
[WhiteElo "2227"]
[BlackElo "2106"]
[PlyCount "60"]
[EventDate "2007.07.10"]

1. e4 d5 2. exd5 Nf6 3. d4 c6 4. dxc6 Nxc6 5. Nf3 e5 6. c3 exd4 7. Nxd4 Bc5 8.
Qe2+ Kf8 9. Nxc6 bxc6 10. Be3 Bb6 11. Nd2 Be6 12. O-O-O Ng4 13. Nc4 Bxe3+ 14.
Nxe3 Qg5 15. Kb1 Qa5 16. c4 Bf5+ 17. Ka1 Re8 18. Qf3 Nxe3 19. fxe3 Be4 20. Qf4
h5 21. Be2 Rh6 22. Rhf1 Rf6 23. Qh4 Rxf1 24. Bxf1 Bc2 25. Qe1 Qc5 26. Rd2 Rxe3
27. Rd8+ Ke7 28. Qd2 Bf5 29. Rg8 Qd4 30. Qc1 Qe5 0-1

[Event "CAMPEONATO CONTINENTAL ABSOLUT"]
[Site "Hotel Torre de Cali, Cali, Co"]
[Date "2007.07.16"]
[Round "7.45"]
[White "Mateus, Alejandro"]
[Black "Rios, Cristian Camilo"]
[Result "1/2-1/2"]
[WhiteElo "2194"]
[BlackElo "2013"]
[PlyCount "101"]
[EventDate "2007.07.10"]

1. e4 c5 2. Nf3 e6 3. d4 cxd4 4. Nxd4 Nf6 5. Bd3 Nc6 6. Nxc6 bxc6 7. Nd2 d6 8.
O-O Be7 9. Kh1 O-O 10. f4 Qc7 11. b3 e5 12. fxe5 dxe5 13. Nc4 Be6 14. Qe1 Kh8
15. Bg5 Rae8 16. Qa5 Qxa5 17. Nxa5 Rc8 18. h3 Rc7 19. Rad1 Re8 20. Bxf6 Bxf6
21. Bc4 Bxc4 22. Nxc4 h6 23. Rd3 Re6 24. Rfd1 Kh7 25. Rd7 Re7 26. Rxe7 Rxe7 27.
Rd6 Rc7 28. Kg1 Be7 29. Rd3 f6 30. Kf1 Kg8 31. Ke2 Kf7 32. a3 Ke6 33. g4 g6 34.
b4 f5 35. gxf5+ gxf5 36. Rg3 Bg5 37. h4 Bxh4 38. Rg6+ Bf6 39. exf5+ Kxf5 40.
Rxh6 Ke6 41. Ne3 Rg7 42. Kf3 Kf7 43. Ng4 e4+ 44. Kg3 Bb2 45. Rxc6 Bxa3 46. Rc7+
Kg8 47. Rxg7+ Kxg7 48. b5 Bd6+ 49. Kf2 Bc5+ 50. Ke2 Kf7 51. Ne3 1/2-1/2

[Event "CAMPEONATO CONTINENTAL ABSOLUT"]
[Site "Hotel Torre de Cali, Cali, Co"]
[Date "2007.07.16"]
[Round "7.46"]
[White "Garcia, Alvaro"]
[Black "Molina, Rafael"]
[Result "1-0"]
[WhiteElo "2156"]
[BlackElo "2101"]
[PlyCount "71"]
[EventDate "2007.07.10"]

1. d4 e6 2. c4 d5 3. Nc3 h6 4. Bf4 Nf6 5. e3 Bb4 6. Qb3 Bxc3+ 7. Qxc3 O-O 8.
Bd3 Nbd7 9. c5 a5 10. Nf3 Nb8 11. h3 b6 12. cxb6 cxb6 13. Bc7 Qe8 14. Bxb6 Ba6
15. Bc5 Nc6 16. Bxf8 Ne4 17. Bxe4 dxe4 18. d5 Qxf8 19. dxc6 exf3 20. gxf3 Rc8
21. c7 Qe7 22. Rc1 Qd7 23. Rg1 g6 24. Qxa5 Qd3 25. Qd2 Qf5 26. a4 Qxh3 27. b4
Qh2 28. Rf1 Bxf1 29. Kxf1 Kh7 30. Qc3 h5 31. b5 h4 32. b6 Qd6 33. Qd4 Qh2 34.
Ke2 h3 35. Qh4+ Kg7 36. Qg3 1-0

[Event "CAMPEONATO CONTINENTAL ABSOLUT"]
[Site "Hotel Torre de Cali, Cali, Co"]
[Date "2007.07.16"]
[Round "7.47"]
[White "Barros, Raul"]
[Black "Cardona, Fabio"]
[Result "1/2-1/2"]
[WhiteElo "2056"]
[BlackElo "2152"]
[PlyCount "49"]
[EventDate "2007.07.10"]

1. Nf3 Nf6 2. d4 e6 3. c4 Bb4+ 4. Bd2 Qe7 5. a3 Bxd2+ 6. Nbxd2 d6 7. e3 O-O 8.
Be2 a5 9. O-O Nbd7 10. Qc2 e5 11. dxe5 dxe5 12. h3 b6 13. Rfd1 a4 14. Nb1 Nc5
15. Nc3 Bb7 16. Rac1 Be4 17. Nxe4 Ncxe4 18. Ne1 Nc5 19. Nd3 Nxd3 20. Qxd3 e4
21. Qd2 Rfd8 22. Qc3 Nd7 23. Rd4 Nc5 24. Rcd1 g6 25. Rd5 1/2-1/2

[Event "CAMPEONATO CONTINENTAL ABSOLUT"]
[Site "Hotel Torre de Cali, Cali, Co"]
[Date "2007.07.16"]
[Round "7.48"]
[White "Chaucanes, Lina Marcela"]
[Black "Franco, Angela"]
[Result "1-0"]
[WhiteElo "1991"]
[BlackElo "2143"]
[PlyCount "57"]
[EventDate "2007.07.10"]

1. e4 d5 2. exd5 Qxd5 3. Nc3 Qa5 4. d4 Nf6 5. Nf3 Bf5 6. Bc4 e6 7. O-O c6 8.
Re1 Be7 9. Bd3 Bxd3 10. Qxd3 Nbd7 11. Bf4 Qh5 12. Ne4 Nxe4 13. Qxe4 g5 14. Bg3
O-O-O 15. d5 cxd5 16. Qa4 f5 17. Rxe6 f4 18. Rxe7 fxg3 19. hxg3 a6 20. Qa5 g4
21. Nd4 Rde8 22. Rae1 Rxe7 23. Rxe7 Qg6 24. Qc3+ Kd8 25. Re6 Qg5 26. Nc6+ Kc7
27. Ne5+ Kb8 28. Nxd7+ Ka7 29. Qd4+ 1-0

[Event "CAMPEONATO CONTINENTAL ABSOLUT"]
[Site "Hotel Torre de Cali, Cali, Co"]
[Date "2007.07.16"]
[Round "7.49"]
[White "Bermudes, Eduardo"]
[Black "Orozco, Luz Elena"]
[Result "0-1"]
[WhiteElo "2138"]
[BlackElo "1908"]
[PlyCount "162"]
[EventDate "2007.07.10"]

1. g3 d5 2. Bg2 c5 3. d3 Nc6 4. Nd2 Nf6 5. e4 e5 6. Ne2 Be7 7. O-O O-O 8. c3
Kh8 9. h3 dxe4 10. dxe4 Qd3 11. Kh2 Be6 12. Ng1 Rad8 13. Re1 c4 14. Bf1 Qd6 15.
Qa4 Qc5 16. Kg2 b5 17. Qc2 Nd7 18. Ndf3 Qb6 19. Ng5 Na5 20. Be3 Bc5 21. Nxe6
Qxe6 22. Bxc5 Nxc5 23. Rad1 Nc6 24. f3 g6 25. h4 Kg7 26. Nh3 f6 27. Nf2 h5 28.
Kh2 a5 29. Bh3 Qe7 30. Rg1 Rxd1 31. Rxd1 Rd8 32. Rd5 Rxd5 33. exd5 Nb8 34. Ne4
Nxe4 35. fxe4 Na6 36. a4 Nc5 37. axb5 Qb7 38. g4 hxg4 39. Bxg4 Qxb5 40. h5 Nd3
41. h6+ Kxh6 42. d6 Qc6 43. d7 Qd6 44. Qd2+ Kg7 45. Be6 a4 46. Bxc4 Qxd7 47.
Bxd3 f5 48. Qe2 f4 49. Bb5 Qe7 50. Qg4 Qc5 51. Qe2 f3 52. Qf1 Qe3 53. Qh3 Qxe4
54. Qd7+ Kh6 55. Qh3+ Kg5 56. Qg3+ Kf6 57. Kh3 g5 58. Bxa4 Qxa4 59. Qxf3+ Kg6
60. Qd3+ e4 61. Qd6+ Kf5 62. Qd5+ Kf4 63. Qd6+ Ke3 64. Qg3+ Kd2 65. Qxg5+ e3
66. Kg3 Qe4 67. c4 Qxc4 68. Qa5+ Kd1 69. Qa1+ Qc1 70. Qa4+ Qc2 71. Qa1+ Ke2 72.
Qa6+ Qd3 73. Qa4 Qg6+ 74. Kf4 Qf6+ 75. Kg3 Qxb2 76. Qc4+ Ke1 77. Qe4 Qf2+ 78.
Kh3 Qf1+ 79. Kg3 Qf2+ 80. Kh3 Kf1 81. Qb1+ Ke2 0-1

[Event "CAMPEONATO CONTINENTAL ABSOLUT"]
[Site "Hotel Torre de Cali, Cali, Co"]
[Date "2007.07.16"]
[Round "7.50"]
[White "Gonzalez, Juan Manuel"]
[Black "Sierra, Julian Andres"]
[Result "1/2-1/2"]
[WhiteElo "2115"]
[BlackElo "2070"]
[PlyCount "83"]
[EventDate "2007.07.10"]

1. d4 Nf6 2. Nf3 g6 3. Nbd2 Bg7 4. e3 O-O 5. Bd3 d6 6. O-O Nbd7 7. Nc4 c5 8. a4
b6 9. c3 Bb7 10. Qe2 Qc7 11. b3 e6 12. Rd1 Rac8 13. Bb2 Rfd8 14. Rac1 Ne4 15.
Ncd2 d5 16. c4 h6 17. cxd5 exd5 18. Ba6 f5 19. Bxb7 Qxb7 20. Nxe4 dxe4 21. Qc4+
Kh7 22. Ne5 Nxe5 23. dxe5 Qe7 24. Qa6 Rc7 25. a5 Rxd1+ 26. Rxd1 Rd7 27. Rxd7
Qxd7 28. e6 Qd1+ 29. Qf1 Qxb3 30. Bxg7 Kxg7 31. Qa1+ Kg8 32. axb6 Qxb6 33. Qa2
c4 34. e7 Kf7 35. Qxc4+ Kxe7 36. h4 a5 37. h5 gxh5 38. Qd5 Kf6 39. Qa8 Qb1+ 40.
Kh2 Qe1 41. Qf8+ Ke5 42. Qc5+ 1/2-1/2

[Event "CAMPEONATO CONTINENTAL ABSOLUT"]
[Site "Hotel Torre de Cali, Cali, Co"]
[Date "2007.07.16"]
[Round "7.51"]
[White "Villa, Olivia Rosalba"]
[Black "Salazar, Jeyksson"]
[Result "1/2-1/2"]
[WhiteElo "1968"]
[BlackElo "2286"]
[PlyCount "88"]
[EventDate "2007.07.10"]

1. d4 c5 2. c3 cxd4 3. cxd4 d5 4. Nc3 Nf6 5. Nf3 Nc6 6. e3 e6 7. a3 a6 8. Bd3
Bd6 9. O-O O-O 10. Bd2 Re8 11. Rc1 h6 12. Na4 e5 13. dxe5 Nxe5 14. Be2 b5 15.
Nc5 Nc4 16. Nd3 Ne4 17. Bb4 Bf5 18. b3 Nxa3 19. Ra1 Bxb4 20. Nxb4 Nc3 21. Qe1
Nxe2+ 22. Qxe2 Qd6 23. Qd2 a5 24. Nxd5 b4 25. Rfd1 Bc2 26. Rdc1 Bxb3 27. Nc7
Qxd2 28. Nxd2 Be6 29. Nxe8 Rxe8 30. Rc5 Ra8 31. Nf3 Bb3 32. Nd4 Ba4 33. Nc6
Bxc6 34. Rxc6 Ra7 35. Kf1 g6 36. Ke1 Rb7 37. Rcc1 Rb5 38. f3 Kg7 39. e4 Kf6 40.
Kd2 Ke5 41. Ke3 Ke6 42. Kd4 Kd6 43. f4 f6 44. g4 a4 1/2-1/2

[Event "CAMPEONATO CONTINENTAL ABSOLUT"]
[Site "Hotel Torre de Cali, Cali, Co"]
[Date "2007.07.16"]
[Round "7.54"]
[White "Narvaez, Zamir"]
[Black "Orozco, Lina"]
[Result "1/2-1/2"]
[WhiteElo "2062"]
[BlackElo "1969"]
[PlyCount "117"]
[EventDate "2007.07.10"]

1. e4 c5 2. Nf3 e6 3. d4 cxd4 4. Nxd4 a6 5. Bd3 Nc6 6. Nxc6 bxc6 7. O-O Qc7 8.
c4 Nf6 9. Nc3 Bc5 10. Kh1 e5 11. Na4 Bd4 12. Bg5 h6 13. Bxf6 gxf6 14. Qf3 Ke7
15. Rac1 Rb8 16. b3 c5 17. Bb1 d6 18. Nc3 Bxc3 19. Qxc3 Be6 20. f4 Rbg8 21. Qf3
Rh7 22. Rf2 h5 23. Rd2 h4 24. f5 Bc8 25. Rcd1 Rd8 26. Qc3 a5 27. a3 Ba6 28. Bd3
Rb8 29. Be2 Rd8 30. b4 axb4 31. axb4 Bb7 32. Qe3 Rhh8 33. b5 Qa5 34. Bf3 Rd7
35. h3 Qa4 36. Rc1 Rdd8 37. Qd3 Rhg8 38. Rdd1 Qa5 39. Ra1 Qb6 40. Qc3 Rg3 41.
Qe3 Rgg8 42. Qe1 Rh8 43. Ra5 Rh7 44. Rda1 Rd7 45. Ra7 Rh6 46. R7a5 Rh7 47. Qd2
Rh8 48. Qc3 Rh7 49. Kh2 Rh8 50. Qd2 Rg8 51. Bg4 Rg7 52. Bh5 Rg5 53. Bg4 Rg7 54.
g3 hxg3+ 55. Kxg3 Qd8 56. Qd3 Qh8 57. h4 Qh6 58. Rf1 Rg8 59. Kh3 {ilegible}
1/2-1/2

[Event "CAMPEONATO CONTINENTAL ABSOLUT"]
[Site "Hotel Torre de Cali, Cali, Co"]
[Date "2007.07.16"]
[Round "7.55"]
[White "Sanchez, M Luis E"]
[Black "Jukemura, Rodrigo"]
[Result "1-0"]
[WhiteElo "2143"]
[BlackElo "2017"]
[PlyCount "117"]
[EventDate "2007.07.10"]

1. e4 c5 2. Nf3 Nc6 3. c4 e5 4. Nc3 d6 5. d3 g6 6. Be2 Bg7 7. Be3 Nge7 8. a3
O-O 9. Qc1 Nd4 10. Bd1 Re8 11. Bg5 f6 12. Bh6 Bh8 13. h4 Nxf3+ 14. gxf3 Kf7 15.
f4 exf4 16. Bxf4 a6 17. Qe3 h5 18. Qg3 Bg7 19. Rg1 Rg8 20. Bxd6 Bf8 21. Bxc5
Be6 22. Bxe7 Bxe7 23. Nd5 Bxd5 24. cxd5 Bd6 25. Qh3 Qc8 26. Qe6+ Qxe6 27. dxe6+
Ke7 28. Rc1 Be5 29. Ke2 Rgc8 30. Rxc8 Rxc8 31. Rxg6 Kxe6 32. Rg7 Bxb2 33. Rxb7
Bxa3 34. Rb6+ Ke5 35. Rxa6 Bc5 36. Kf1 Rb8 37. Rc6 Bd4 38. Kg2 Rg8+ 39. Kf1 Rb8
40. Rc4 Rb1 41. Ke2 Bb6 42. d4+ Kf4 43. Bc2 Rg1 44. Rb4 Ba7 45. Kd3 Ra1 46. Rb5
Ra6 47. Rxh5 Ra1 48. Rf5+ Kg4 49. Rxf6 Kxh4 50. e5 Re1 51. Rf4+ Kg5 52. Re4
Rxe4 53. Kxe4 Kg6 54. f4 Kf7 55. f5 Bb6 56. f6 Bd8 57. Kf5 Ke8 58. e6 Bb6 59.
Ba4+ 1-0